000 01002nam a22002057a 4500
999 _c4169
_d4169
005 20251125232751.0
008 s2537 th tha d
020 _a9745724971
040 _aNALT
041 _atha
050 _aJX1570 ส847น 2537
100 0 _aสุรชัย ศิริไกร
245 1 0 _aนโยบายต่างประเทศของจีนต่อประเทศอาเซียน
260 3 _aกรุงเทพฯ :
_bโครงการจีนศึกษา สถาบันเอเชียตะวันออกศึกษา มหาวิทยาลัยธรรมศาสตร์,
_c2537
300 _a80 หน้า :
_b ตาราง, 26 ซม.
650 0 4 _aจีน -- ความสัมพันธ์กับต่างประเทศ -- กลุ่มประเทศอาเซียน
850 _aNALT
856 4 0 _uhttps://hdl.handle.net/20.500.14156/337707
_71
942 _cGB
_2lcc